[Event "Napoli Porreca Cup 1st"]
[Site "Napoli"]
[Date "2011.11.03"]
[Round "6"]
[White "Cosenza, Gianni"]
[Black "Sciaudone, Francesco"]
[Result "1-0"]
[WhiteElo "1952"]
[BlackElo "1825"]
[PlyCount "79"]
[EventDate "2011.09.22"]
[EventType "swiss"]
[EventRounds "7"]
[EventCountry "ITA"]
[SourceTitle "EXT 2018"]
[Source "ChessBase"]
[SourceDate "2017.10.13"]
[SourceVersion "1"]
[SourceVersionDate "2017.10.13"]
[SourceQuality "1"]

1. e4 e5 2. Nf3 Nc6 3. Bb5 d6 4. 0-0 Bd7 5. Re1 Nf6 6. c3 Be7 7. h3 0-0 8. d4 Re8 9. d5 Na5 10. Bf1 b6 11. b4 Nb7 12. Ba6 Rb8 13. Qd3 c6 14. c4 c5 15. a3 h6 16. Nc3 Nh7 17. Rb1 Bg5 18. Nxg5 Nxg5 19. Qg3 f5 20. exf5 Bxf5 21. Rb2 Nf7 22. Rbe2 Qe7 23. f4 Kh8 24. fxe5 Nxe5 25. Bf4 Qf6 26. Bxe5 Rxe5 27. Rxe5 dxe5 28. Qxe5 Qf8 29. Rf1 Nd6 30. Ne4 Re8 31. Qxd6 Qf7 32. Ng3 g6 33. Nxf5 gxf5 34. Qf4 Re2 35. Qxh6+ Kg8 36. Qg5+ Kh8 37. Rf4 Re1+ 38. Kf2 Re4 39. Rxf5 Qh7 40. Rf3 1-0

[Event "Napoli Vomero Summer op 4th"]
[Site "Napoli"]
[Date "2010.05.20"]
[Round "3"]
[White "Esposito, Pino"]
[Black "Sciaudone, Francesco"]
[Result "1/2-1/2"]
[WhiteElo "1875"]
[BlackElo "1593"]
[PlyCount "62"]
[EventDate "2010.05.06"]
[EventType "swiss"]
[EventRounds "7"]
[EventCountry "ITA"]
[SourceTitle "EXT 2024"]
[Source "ChessBase"]
[SourceDate "2023.10.10"]
[SourceVersion "1"]
[SourceVersionDate "2023.10.10"]
[SourceQuality "1"]

1. Nf3 Nf6 2. g3 Nc6 3. d4 d5 4. Bg2 Bf5 5. 0-0 Qd7 6. Re1 Bh3 7. Bh1 e6 8. c3 Be7 9. Nbd2 0-0 10. e4 dxe4 11. Nxe4 Nxe4 12. Rxe4 Bf6 13. Bf4 Rad8 14. Qb3 b6 15. Rd1 Rfe8 16. Ree1 Na5 17. Qc2 Bf5 18. Qc1 Qa4 19. Bxc7 Rc8 20. Bd6 Qxa2 21. Ba3 Nc4 22. Qa1 Qb3 23. Nd2 Nxd2 24. Rxd2 a5 25. Rde2 Red8 26. Bb7 Rc7 27. Bg2 b5 28. Bc5 Rxc5 29. dxc5 h6 30. Qxa5 Rd1 31. Qb4 Qc2 1/2-1/2

[Event "Napoli Vomero Summer op 4th"]
[Site "Napoli"]
[Date "2010.05.06"]
[Round "1"]
[White "Di Meo, Antonio"]
[Black "Sciaudone, Francesco"]
[Result "1/2-1/2"]
[WhiteElo "1959"]
[BlackElo "1593"]
[PlyCount "52"]
[EventDate "2010.05.06"]
[EventType "swiss"]
[EventRounds "7"]
[EventCountry "ITA"]
[SourceTitle "EXT 2024"]
[Source "ChessBase"]
[SourceDate "2023.10.10"]
[SourceVersion "1"]
[SourceVersionDate "2023.10.10"]
[SourceQuality "1"]

1. d4 d5 2. c4 Nf6 3. Nc3 e6 4. Nf3 Bb4 5. a3 Bxc3+ 6. bxc3 h6 7. e3 Nc6 8. a4 0-0 9. Bd3 b6 10. 0-0 Ba6 11. Nd2 Na5 12. Qe2 dxc4 13. Nxc4 Nxc4 14. Bxc4 Bb7 15. Ba3 Re8 16. Rfd1 Nd5 17. Rac1 Qg5 18. Qf1 Nf6 19. Bb5 c6 20. Ba6 Bxa6 21. Qxa6 Nd5 22. Qd3 Rad8 23. c4 Ne7 24. c5 Nf5 25. cxb6 Nh4 26. Qf1 axb6 1/2-1/2

[Event "Napoli Vomero Spring 7th"]
[Site "Napoli"]
[Date "2010.04.22"]
[Round "6"]
[White "Sciaudone, Francesco"]
[Black "Sparice, Lorenzo"]
[Result "1-0"]
[WhiteElo "1575"]
[BlackElo "1452"]
[PlyCount "51"]
[EventDate "2010.03.18"]
[EventType "swiss"]
[EventRounds "6"]
[EventCountry "ITA"]
[SourceTitle "EXT 2024"]
[Source "ChessBase"]
[SourceDate "2023.10.10"]
[SourceVersion "1"]
[SourceVersionDate "2023.10.10"]
[SourceQuality "1"]

1. e4 e5 2. Nf3 Nc6 3. Bc4 d6 4. d4 Bg4 5. h3 Bxf3 6. Qxf3 Nf6 7. dxe5 Nxe5 8. Qe2 Be7 9. Nc3 a6 10. a4 Nxc4 11. Qxc4 0-0 12. 0-0 c6 13. Rd1 Qc7 14. Bg5 Rfd8 15. Bxf6 gxf6 16. Nd5 c5 17. Nxc7 Ra7 18. Nd5 Bf8 19. Nxf6+ Kh8 20. e5 Bg7 21. Qxf7 Rf8 22. Qe7 dxe5 23. Rd8 Ra8 24. Rxa8 Rxa8 25. Rd1 Rf8 26. Rd8 1-0